<?xml version="1.0" encoding="UTF-8"?>
<record
    xmlns:xsi="http://www.w3.org/2001/XMLSchema-instance"
    xsi:schemaLocation="http://www.loc.gov/MARC21/slim http://www.loc.gov/standards/marcxml/schema/MARC21slim.xsd"
    xmlns="http://www.loc.gov/MARC21/slim">

  <leader>00812nam a2200133   4500</leader>
  <controlfield tag="008">708 IN82j</controlfield>
  <datafield tag="082" ind1=" " ind2=" ">
    <subfield code="a">708</subfield>
    <subfield code="b">IN82j</subfield>
  </datafield>
  <datafield tag="100" ind1=" " ind2=" ">
    <subfield code="a">Calvo, Ernesto (curadur&#xED;a)</subfield>
    <subfield code="9">7014</subfield>
  </datafield>
  <datafield tag="245" ind1=" " ind2=" ">
    <subfield code="a">Inventario </subfield>
  </datafield>
  <datafield tag="260" ind1=" " ind2=" ">
    <subfield code="a">San Jos&#xE9;, Costa Rica</subfield>
    <subfield code="b">Museo de Arte y Dise&#xF1;o Contempor&#xE1;neo</subfield>
    <subfield code="c">2005</subfield>
  </datafield>
  <datafield tag="300" ind1=" " ind2=" ">
    <subfield code="a">36 p.</subfield>
    <subfield code="b">il (col) </subfield>
    <subfield code="c">21,5 x 13,5 cm </subfield>
  </datafield>
  <datafield tag="505" ind1=" " ind2=" ">
    <subfield code="t">Inventar un inventario: Hacer visible lo visible </subfield>
    <subfield code="r">Ernesto Calvo</subfield>
    <subfield code="t">Miembro fantasma / Historia de una no historia</subfield>
    <subfield code="r">Cl&#xE1;udio Dacosta</subfield>
    <subfield code="t">Fin </subfield>
    <subfield code="t">La vida de Infra-Tunga</subfield>
    <subfield code="t">Verde primario </subfield>
    <subfield code="t">La invenci&#xF3;n de modos de existencia </subfield>
    <subfield code="r">Santiago Garc&#xED;a Navarro </subfield>
    <subfield code="t">Gemelas</subfield>
    <subfield code="t">Tiempos cuadrados / Manhattan, capital del siglo XX</subfield>
    <subfield code="r">Emilio Ambasz</subfield>
    <subfield code="t">Square Times </subfield>
    <subfield code="r">Bennett Simpson </subfield>
    <subfield code="t">UGP</subfield>
    <subfield code="t">Cr&#xE9;ditos</subfield>
  </datafield>
  <datafield tag="650" ind1=" " ind2=" ">
    <subfield code="x">arte contempor&#xE1;neo </subfield>
    <subfield code="x">arte - exhibiciones</subfield>
    <subfield code="x">arte - instalaciones</subfield>
    <subfield code="x">arte - representaciones </subfield>
    <subfield code="9">7015</subfield>
  </datafield>
  <datafield tag="999" ind1=" " ind2=" ">
    <subfield code="c">1774</subfield>
    <subfield code="d">1774</subfield>
  </datafield>
  <datafield tag="952" ind1=" " ind2=" ">
    <subfield code="0">0</subfield>
    <subfield code="1">0</subfield>
    <subfield code="2">ddc</subfield>
    <subfield code="4">0</subfield>
    <subfield code="7">0</subfield>
    <subfield code="a">LV</subfield>
    <subfield code="b">LV</subfield>
    <subfield code="c">Colectivas</subfield>
    <subfield code="d">2019-05-02</subfield>
    <subfield code="l">0</subfield>
    <subfield code="o">708 IN82j</subfield>
    <subfield code="p">001628</subfield>
    <subfield code="r">2019-05-02 00:00:00</subfield>
    <subfield code="w">2019-05-02</subfield>
    <subfield code="y">01</subfield>
  </datafield>
</record>
